1504 1162 1099 1671 1921 1066 1810 1600 1176 1163 1717 1404 1834 1341 1114 1548 1443 1431 1544 1185 1164 1017 1206 1537 1418 1526 1693 1515 1981 1508 1825 1714 1767 1810 1246 1776 1246 1385 1410 1835 1623 1964 1290 1843 1334 1365 1407 1426 1223 1485 1230 1881 1053 1929 1187 1293 1122 1125 1736 1684 1319 1228 1127 1901 1890 1821 1647 1596 1967 1164 1287 1963 1715 1823 1056 1520 1555 1100 1402 1033 1387 1411 1556 1735 1531 1676 1357 1228 1727 1522 1557 1157 1789 1795 1259 1482 1682 1681 1900 BCNSPRNW ULIB Ver.6.0+V

เปลี่ยนเป็นภาษาไทย

Change to English
 แสดงรายละเอียดบรรณานุกรม
  กลับหน้าหลัก

Brief Record : Get Marc (ISO 2709) : E-mail record : QR code < ปิดหน้าต่าง
LEADER : 00000nam 2200000uu 4500
001    13399126369
003     ULIB
008    180911s2559||||th 000 0 tha d
024 0  ^a9786161132200
041    ^atha
060  0 ^aWY200^bส863ก
100 0  ^aสุริยา ฟองเกิด
245 00 ^aการพยาบาลครอบครัว =^bFamily nursing/^cสุริยา ฟองเกิด และ^cศุภรา หิมานันโต
250    ^aพิมพ์ครั้งที่ 1
260    ^aชลบุรี :^bวิทยาลัยพยาบาลบรมราชชนนี ชลบุรี,^c2559
300    ^a203 หน้า
650  0 ^aการพยาบาล
650  0 ^aครอบครัว
700 0  ^aศุภรา หิมานันโต
856    ^a^zการพยาบาลครอบครัว = Family nursing (สารบัญหนังสือ)^uhttp://110.164.66.211/ULIB6//_fulltext/bookcontent/13399114419/51580.pdf
945    ^p220^l0^i26606
945    ^p220^l0^i26605
945    ^p220^l0^i26692
999    ^aกัณชพร จุลอักษร
รายการนี้ยังไม่มีแท็ก
คุณยังไม่ได้ล็อกอิน คุณสามารถมีกิจกรรมร่วมกับเว็บไซต์ได้ แต่ต้องล็อกอินก่อน ::
  ล็อกอิน

รายการสื่อสารสนเทศ

ลำดับที่ ประเภท เลขเรียก/บาร์โค้ด สถานที่ สถานะ
1. วิทยาศาสตร์การแพทย์ และสุขภาพ
วิทยาศาสตร์การแพทย์ และสุขภาพ
WY200 ส863ก ฉ.1 
  Barcode: 26605
ห้องสมุดวิทยาเขตนครสวรรค์
►หนังสือทั่วไป:l:General Books
บนชั้น
2. วิทยาศาสตร์การแพทย์ และสุขภาพ
วิทยาศาสตร์การแพทย์ และสุขภาพ
WY200 ส863ก ฉ.2 
  Barcode: 26606
ห้องสมุดวิทยาเขตนครสวรรค์
►หนังสือทั่วไป:l:General Books
บนชั้น
3. วิทยาศาสตร์การแพทย์ และสุขภาพ
วิทยาศาสตร์การแพทย์ และสุขภาพ
WY200 ส863ก ฉ.3 
  Barcode: 26692
ห้องสมุดวิทยาเขตนครสวรรค์
►หนังสือทั่วไป:l:General Books
บนชั้น

รายการใกล้เคียง
    ผู้แต่ง [สุริยา ฟองเกิด]

    หัวเรื่อง [การพยาบาล]
    หัวเรื่อง [ครอบครัว]

BibComment


ยังไม่เคยถูกคอมเมนท์

คอมเมนท์ทรัพยากรรายการนี้
  คอมเมนท์: การพยาบาลครอบครั..


 Copyright 2026. Bcnsprnw @Library